Países del Mundo - Estadísticas

Estadísticas generales
  • Esta prueba ha sido intentada 68 veces
    67 desde el último reinicio
  • La puntuación promedio es 131 de 196
Respuestas en el mapa
Las respuestas están codificadas por una escala verde-roja en el mapa de la prueba según el % correcto abajo.
 
Estadísticas de respuestas
País % Correcto
Argentina
97%
Brasil
97%
Chile
97%
Francia
97%
Japón
97%
Rusia
97%
Australia
94%
China
94%
Colombia
94%
España
94%
Estados Unidos
94%
México
94%
Paraguay
94%
Perú
94%
Uruguay
94%
Bolivia
92%
Canadá
92%
Ecuador
92%
Italia
92%
Portugal
92%
Reino Unido
92%
Venezuela
92%
Alemania
89%
Corea del Sur
89%
Corea del Norte
86%
India
86%
Croacia
83%
Cuba
83%
Egipto
83%
Irán
83%
Países Bajos
83%
Sudáfrica
83%
Costa Rica
81%
Dinamarca
81%
Finlandia
81%
Grecia
81%
Marruecos
81%
Nueva Zelanda
81%
Suecia
81%
Suiza
81%
Arabia Saudí
78%
Argelia
78%
Bélgica
78%
Irak
78%
Irlanda
78%
Islandia
78%
Madagascar
78%
Mongolia
78%
Noruega
78%
Panamá
78%
Estonia
75%
Guyana
75%
Haití
75%
Honduras
75%
Israel
75%
Nicaragua
75%
Polonia
75%
República Checa
75%
República del Congo
75%
República Democrática del Congo
75%
República Dominicana
75%
Turquía
75%
Ucrania
75%
Vietnam
75%
Austria
72%
Bielorrusia
72%
Bosnia y Herzegovina
72%
Camerún
72%
Ciudad del Vaticano
72%
El Salvador
72%
Hungría
72%
Indonesia
72%
Lituania
72%
Luxemburgo
72%
Rumania
72%
Surinam
72%
Afganistán
69%
Albania
69%
Chipre
69%
Eslovaquia
69%
Guatemala
69%
Guinea
69%
Jamaica
69%
Kazajistán
69%
Letonia
69%
Moldavia
69%
Níger
69%
Pakistán
69%
Túnez
69%
Uzbekistán
69%
Armenia
67%
Eslovenia
67%
Filipinas
67%
Ghana
67%
Libia
67%
Montenegro
67%
Nepal
67%
Nigeria
67%
Omán
67%
Sudán
67%
Catar
64%
Costa de Marfil
64%
Etiopía
64%
Guinea Ecuatorial
64%
Malí
64%
Papúa Nueva Guinea
64%
Andorra
61%
Azerbaiyán
61%
Bahamas
61%
Bangladés
61%
Belice
61%
Bulgaria
61%
Cabo Verde
61%
Chad
61%
Liechtenstein
61%
Malasia
61%
San Marino
61%
Serbia
61%
Singapur
61%
Somalia
61%
Sudán del Sur
61%
Tailandia
61%
Trinidad y Tobago
61%
Uganda
61%
Yemen
61%
Angola
58%
Camboya
58%
Emiratos Árabes Unidos
58%
Kosovo
58%
Macedonia del Norte
58%
Malta
58%
Mauritania
58%
Mónaco
58%
Myanmar
58%
República Centroafricana
58%
Senegal
58%
Siria
58%
Taiwán
58%
Tayikistán
58%
Togo
58%
Zimbabue
58%
Fiyi
56%
Gambia
56%
Georgia
56%
Guinea Bissau
56%
Islas Marshall
56%
Laos
56%
Líbano
56%
Mauricio
56%
Mozambique
56%
Sri Lanka
56%
Tanzania
56%
Turkmenistán
56%
Bután
53%
Eritrea
53%
Estados Federados de Micronesia
53%
Granada
53%
Islas Salomón
53%
Kenia
53%
Kirguistán
53%
Kuwait
53%
Liberia
53%
Ruanda
53%
San Cristóbal y Nieves
53%
San Vicente y las Granadinas
53%
Sierra Leona
53%
Barbados
50%
Baréin
50%
Benín
50%
Botsuana
50%
Burkina Faso
50%
Dominica
50%
Gabón
50%
Jordania
50%
Kiribati
50%
Malaui
50%
Maldivas
50%
Seychelles
50%
Zambia
50%
Lesoto
47%
Namibia
47%
Samoa
47%
Santa Lucía
47%
Santo Tomé y Príncipe
47%
Yibuti
47%
Brunei
44%
Esuatini
44%
Tonga
44%
Vanuatu
44%
Burundi
42%
Nauru
42%
Palaos
42%
Timor Oriental
42%
Tuvalu
42%
Comoras
36%
Antigua y Barbuda
33%
No se encontraron pruebas coincidentes
Distribución de puntuación
Porcentaje de gente con cada puntuación
Porcentaje por número respondido
Historial de tus puntuaciones
No has intentado esta prueba desde el último reinicio